Conditional cash transfers and female schooling: the impact of the female school stipend program on kpublic school enrollments in Punjab, Pakistan (Record no. 294906)

000 -LEADER
fixed length control field 00545cam a22001337a 4500
008 - FIXED-LENGTH DATA ELEMENTS--GENERAL INFORMATION
fixed length control field 180718b2006 xxu||||| |||| 00| 0 eng d
100 ## - MAIN ENTRY--PERSONAL NAME
Personal name Chaudhury, Nazmul
245 ## - TITLE STATEMENT
Title Conditional cash transfers and female schooling: the impact of the female school stipend program on kpublic school enrollments in Punjab, Pakistan
Statement of responsibility, etc. by Nazmul Chaudhury and Dilip Parajuli
260 ## - PUBLICATION, DISTRIBUTION, ETC.
Place of publication, distribution, etc. Washington, D.C.
Name of publisher, distributor, etc. World Bank
Date of publication, distribution, etc. 2006
300 ## - PHYSICAL DESCRIPTION
Extent 37p.
440 ## - SERIES STATEMENT/ADDED ENTRY--TITLE
Title Policy research working paper; 4102
650 ## - SUBJECT ADDED ENTRY--TOPICAL TERM
Topical term or geographic name entry element Conditional cash transfers
700 ## - ADDED ENTRY--PERSONAL NAME
Personal name Parajuli, Dilip
Holdings
Withdrawn status Lost status Damaged status Not for loan Permanent Location Current Location Date acquired Barcode Date last seen Price effective from Koha item type
        Indian Institute of Public Administration Indian Institute of Public Administration 2007-08-22 WB11535 2018-07-20 2018-07-20 WB

Powered by Koha